Statistics for NBA 1980s All-Stars by Team

Click here to take the quiz!

General Stats

  • This quiz has been taken 37 times
  • The average score is 17 of 22

Answer Stats

Team Players % Correct
LakersKareem Abdul-Jabbar | Magic Johnson | Jamaal Wilkes | Norm Nixon | James Worthy
100%
JazzAdrian Dantley | Rickey Green | Karl Malone | Mark Eaton | John Stockton
100%
BullsArtis Gilmore | Reggie Theus | Michael Jordan
100%
CelticsLarry Bird | Nate Archibald | Robert Parish | Kevin McHale | Dennis Johnson | Danny Ainge
100%
KnicksMicheal Ray Richardson | Bill Cartwright | Bernard King | Patrick Ewing | Mark Jackson
100%
RocketsMoses Malone | Ralph Sampson | Hakeem Olajuwon
97%
PistonsIsiah Thomas | Kelly Tripucka | Bill Laimbeer
97%
76ersJulius Erving | Bobby Jones | Moses Malone | Maurice Cheeks | Andrew Toney | Charles Barkley
97%
HawksEddie Johnson | Dan Roundfield | John Drew | Dominique Wilkins | Doc Rivers | Moses Malone
97%
CavaliersMike Mitchell | Brad Daugherty | Mark Price | Larry Nance
83%
SpursGeorge Gervin | Artis Gilmore | Alvin Robertson
80%
Trail BlazersKermit Washington | Jim Paxson | Clyde Drexler | Kevin Duckworth
80%
NuggetsAlex English | Kiki Vandeweghe | Calvin Natt | Fat Lever
77%
BulletsElvin Hayes | Bernard King | Jeff Ruland | Jeff Malone | Moses Malone
69%
WarriorsJoe Barry Carroll | Eric Floyd | Chris Mullin
69%
MavericksMark Aguirre | Rolando Blackman | James Donaldson
66%
BucksMarques Johnson | Sidney Moncrief | Bob Lanier | Terry Cummings
63%
SunsWalter Davis | Paul Westphal | Dennis Johnson | Leonard Robinson | Maurice Lucas | Larry Nance | Tom Chambers
57%
SuperSonicsDennis Johnson | Jack Sikma | Lonnie Shelton | Gus Williams | David Thompson | Tom Chambers | Xavier McDaniel | Dale Ellis
57%
NetsBuck Williams | Otis Birdsong | Micheal Ray Richardson
40%
ClippersLloyd Free | Norm Nixon | Marques Johnson
31%
KingsOtis Birdsong
11%

Score Distribution

Percentile by Number Answered

Percent of People with Each Score

Your Score History

You have not taken this quiz